Fields of Science Quiz 1 - Statistics

General Stats
  • This quiz has been taken 56 times
  • The average score is 6 of 10
Answer Stats
Hint Answer % Correct
Study of past events History
78%
Concerned with the bodily structure of humans, animals, and other living organisms Anatomy
76%
Branch of science that deals with the identification of the substances of which matter is composed Chemistry
73%
Scientific study of language and its structure Linguistics
69%
The science or practice of drawing maps Cartography
59%
Social science that focuses on the production, distribution, and consumption of goods and services Economics
51%
The study of heredity Genetics
51%
Study of Earth's landscapes, peoples, places, and environments. Geography
49%
Branch of science concerned with the nature, effects, and detection of poisons Toxicology
41%
Branch of science that deals with the effects of forces upon the motions of material bodies or with changes in a physical or chemical system. Kinetics
8%
No matching quizzes found
Score Distribution
Percent of People with Each Score
Percentile by Number Answered
Your Score History
You have not taken this quiz